[Event "World Rapid 2018"]
[Site "St Petersburg RUS"]
[Date "2018.12.26"]
[Round "5.94"]
[White "Gurvich, Vitaly"]
[Black "Zakhartsov, Vladimir"]
[Result "1-0"]
[WhiteTitle "FM"]
[BlackTitle "IM"]
[WhiteElo "2270"]
[BlackElo "2486"]
[WhiteFideId "24164852"]
[BlackFideId "4145097"]
[EventDate "2018.12.26"]

1. d4 Nf6 2. c4 e6 3. Nf3 b6 4. g3 Ba6 5. b3 Bb4+ 6. Bd2 Be7 7. Bg2 Bb7 8. Nc3
d5 9. O-O O-O 10. Bg5 h6 11. Bxf6 Bxf6 12. cxd5 exd5 13. Ne5 Re8 14. f4 c5 15.
e3 Na6 16. Rc1 Nc7 17. Qd2 Qd6 18. dxc5 bxc5 19. Ne4 Qe7 20. Nxc5 Bc8 21. Ncd3
Ba6 22. Rfe1 Bxd3 23. Nxd3 Rad8 24. Bf3 Ne6 25. Qb4 Qd7 26. Kg2 Rc8 27. Rxc8
Rxc8 28. Rc1 Rxc1 29. Nxc1 d4 30. e4 Qc7 31. Qc4 Qa5 32. b4 Qa3 33. e5 Qb2+ 34.
Kg1 Be7 35. Nd3 Qd2 36. Bd5 Qe3+ 37. Kf1 Kh7 38. Qc2 Kg8 39. Qe2 Qxe2+ 40. Kxe2
Nc7 41. Bc4 Na8 42. Kf3 Bd8 43. Ke4 Bb6 44. a4 a5 45. bxa5 Bxa5 46. Kxd4 Kf8 47.
Kc5 Nc7 48. Kc6 Ke7 49. Nc5 Na8 50. Nb3 Bd8 51. a5 g5 52. Kb7 Nc7 53. Nd4 gxf4
54. gxf4 Kd7 55. a6 Nxa6 56. Kxa6 Ke8 57. Kb5 h5 58. h3 Kf8 59. Kc6 Ba5 60. Kd5 1-0

[Event "World Rapid 2018"]
[Site "St Petersburg RUS"]
[Date "2018.12.26"]
[Round "5.95"]
[White "Carlsson, Pontus"]
[Black "Mamatov, Melis"]
[Result "1-0"]
[WhiteTitle "GM"]
[WhiteElo "2463"]
[BlackElo "2223"]
[WhiteFideId "1705814"]
[BlackFideId "13800027"]
[EventDate "2018.12.26"]

1. e4 c5 2. Nf3 d6 3. Bb5+ Nc6 4. Bxc6+ bxc6 5. O-O Bg4 6. h3 Bh5 7. c3 e6 8.
Re1 Be7 9. d3 Nf6 10. Nbd2 O-O 11. Nf1 Nd7 12. Ng3 Bg6 13. Be3 e5 14. d4 cxd4
15. cxd4 Bf6 16. Qd2 Re8 17. dxe5 Bxe5 18. Nxe5 dxe5 19. Rad1 Nb6 20. b3 Qc7 21.
Rc1 Rac8 22. Qa5 h5 23. f3 f6 24. Rc3 Qb7 25. Rec1 Red8 26. Kh2 Kh7 27. Qb4 Qa6
28. a4 Rd3 29. Rxd3 Qxd3 30. Qc3 Qd7 31. Rc2 Na8 32. b4 Qb7 33. Qc5 Rc7 34. a5
a6 35. Qd6 Qc8 36. h4 Be8 37. Nf5 Rb7 38. Qf8 Qe6 39. Rd2 Rf7 40. Qc5 Rd7 41.
Rxd7 Qxd7 42. Qf8 Qf7 43. Qd6 Nc7 44. Qd8 Qd7 45. Qb8 g6 46. Ng3 Bf7 47. Qf8 Ne6
48. Qa8 Nc7 49. Qb7 Be6 50. Bb6 Nb5 51. Qxa6 Qc8 52. Qxc8 Bxc8 53. Kg1 Ba6 54.
Ne2 Kg7 55. Nc1 Nc3 56. Nb3 Na4 57. Kf2 Kf7 58. Bd8 f5 59. g3 Ke6 60. Ke3 Bc4
61. Nd2 Ba6 62. Bc7 c5 63. bxc5 Nxc5 64. Bb6 Nb7 65. f4 exf4+ 1-0

[Event "World Rapid 2018"]
[Site "St Petersburg RUS"]
[Date "2018.12.26"]
[Round "5.96"]
[White "Hirneise, Tobias"]
[Black "Hakobyan, Aram"]
[Result "1/2-1/2"]
[WhiteTitle "IM"]
[BlackTitle "GM"]
[WhiteElo "2464"]
[BlackElo "2545"]
[WhiteFideId "24600881"]
[BlackFideId "13306677"]
[EventDate "2018.12.26"]

1. e4 c6 2. d4 d5 3. exd5 cxd5 4. c4 Nf6 5. Nc3 Nc6 6. Nf3 Bg4 7. cxd5 Nxd5 8.
Qb3 Bxf3 9. gxf3 Nb6 10. Be3 e6 11. O-O-O Be7 12. d5 exd5 13. Nxd5 Nxd5 14. Rxd5
Qc7 15. Kb1 O-O 16. Be2 Rad8 17. Rhd1 Rxd5 18. Rxd5 Bf6 19. f4 g6 20. Bf3 Kg7
21. Qd1 Nb4 22. Rc5 Nc6 23. Rd5 Nb4 1/2-1/2

[Event "World Rapid 2018"]
[Site "St Petersburg RUS"]
[Date "2018.12.26"]
[Round "5.98"]
[White "Al Turky, Fahad A"]
[Black "Masrahi, Abdulrahman A"]
[Result "0-1"]
[BlackTitle "CM"]
[WhiteElo "1836"]
[BlackElo "1903"]
[WhiteFideId "21500401"]
[BlackFideId "21501564"]
[EventDate "2018.12.26"]

1. e4 e5 2. f4 exf4 3. Nf3 g5 4. Bc4 g4 5. Bxf7+ Kxf7 6. Ne5+ Ke8 7. Qxg4 Nf6 8.
Qxf4 d6 9. Nf3 Qe7 10. O-O Bg7 11. Nc3 Rf8 12. Qh4 Bg4 13. e5 Bxf3 14. Rxf3 dxe5
15. d3 Nbd7 16. Bg5 Qc5+ 17. Be3 Qd6 18. Raf1 c6 19. Bg5 Qd4+ 20. Qxd4 exd4 21.
Re1+ Kf7 22. Ne4 Kg8 23. Nd6 Nd5 24. Rg3 Kh8 25. a3 Be5 26. Rxe5 Nxe5 27. b3 Nf7
28. Nxb7 Nxg5 29. Rxg5 Rae8 30. h3 Rg8 31. Rf5 Rxg2+ 32. Kh1 Rxc2 0-1

[Event "World Rapid 2018"]
[Site "St Petersburg RUS"]
[Date "2018.12.26"]
[Round "5.99"]
[White "Rechlis, Gad"]
[Black "Teterev, Vitaly"]
[Result "0-1"]
[WhiteTitle "GM"]
[BlackTitle "GM"]
[WhiteElo "2521"]
[BlackElo "2486"]
[WhiteFideId "2800047"]
[BlackFideId "13501429"]
[EventDate "2018.12.26"]

1. e4 c5 2. Nc3 d6 3. f4 Nc6 4. Nf3 g6 5. Bb5 Bg7 6. Bxc6+ bxc6 7. O-O Nh6 8. d3
O-O 9. Kh1 f6 10. Be3 Rb8 11. Rb1 Ng4 12. Bg1 e5 13. h3 Nh6 14. Bh2 Nf7 15. a3
Be6 16. b4 cxb4 17. axb4 exf4 18. Bxf4 f5 19. Qd2 a5 20. b5 fxe4 21. dxe4 cxb5
22. Nd4 Bc4 23. Nc6 Qe8 24. Nxb8 Bxf1 25. Na6 Bxc3 26. Qe3 b4 27. Rxf1 Qb5 28.
Qd3 Qxd3 29. cxd3 Ne5 30. h4 Nxd3 31. g3 b3 32. Nc7 b2 33. Nb5 Be1 34. Na3 Bxg3
35. Rf3 Rxf4 36. Rxg3 Rf1+ 37. Kg2 Ra1 0-1

[Event "World Rapid 2018"]
[Site "St Petersburg RUS"]
[Date "2018.12.26"]
[Round "5.100"]
[White "Fakhrutdinov, Timur"]
[Black "khayat, Abdullah F"]
[Result "1-0"]
[WhiteTitle "FM"]
[WhiteElo "2481"]
[BlackElo "1723"]
[WhiteFideId "24176702"]
[BlackFideId "21500460"]
[EventDate "2018.12.26"]

1. e4 d5 2. exd5 Qxd5 3. Nc3 Qa5 4. Bc4 Bf5 5. d3 c6 6. Bd2 Qc7 7. Qf3 e6 8.
Nge2 Nf6 9. h3 h6 10. g4 Bh7 11. O-O-O Nbd7 12. Qg2 Bd6 13. f4 O-O-O 14. Rhf1
Nb6 15. Bb3 g5 16. fxg5 Nfd5 17. gxh6 Be5 18. d4 Bd6 19. Ne4 Bb4 20. Bxb4 Nxb4
21. Ng5 Rdf8 22. Nf4 N4d5 23. Bxd5 Nxd5 24. Nxh7 Nxf4 25. Qe4 Rxh7 26. Qxh7 Ng6
27. Qxg6 1-0

[Event "World Rapid 2018"]
[Site "St Petersburg RUS"]
[Date "2018.12.26"]
[Round "5.101"]
[White "Alsulaymi, Abdullah M"]
[Black "Al Thebaiti, Ahmed M"]
[Result "1-0"]
[BlackTitle "CM"]
[WhiteElo "1833"]
[BlackElo "1976"]
[WhiteFideId "21511390"]
[BlackFideId "21502390"]
[EventDate "2018.12.26"]

1. e4 c6 2. d4 d5 3. Nc3 dxe4 4. Nxe4 Nf6 5. Nxf6+ exf6 6. Nf3 Bd6 7. Bd3 O-O 8.
Be3 b6 9. Qd2 Ba6 10. O-O-O Bxd3 11. Qxd3 Qc7 12. h4 Nd7 13. h5 Rfe8 14. Qf5 g6
15. hxg6 fxg6 16. Qd3 Nf8 17. Qb3+ Qf7 18. d5 cxd5 19. Rxd5 Bc7 20. Rhd1 Rad8
21. Rxd8 Rxd8 22. Rxd8 Bxd8 23. Nd4 Qxb3 24. cxb3 a5 25. Nc6 Bc7 26. Ne7+ Kf7
27. Nd5 Bd8 28. Nxb6 h5 29. Nc4 g5 30. Kd1 Nd7 31. Bd2 Nc5 32. Bxa5 Be7 33. f3
Ke6 34. Ke2 Kd5 35. Ne3+ Kc6 36. Bb4 Bd8 37. Bxc5 Kxc5 38. Kd3 h4 39. a3 Be7 40.
Ke4 Bd6 41. Kf5 Be5 42. Nc4 Bd4 43. a4 Kb4 44. Ke4 Bf2 45. Ne3 Kxb3 46. a5 Bg3
47. a6 Kxb2 48. a7 1-0

[Event "World Rapid 2018"]
[Site "St Petersburg RUS"]
[Date "2018.12.27"]
[Round "6.5"]
[White "Yu, Yangyi"]
[Black "Zubov, Alexander"]
[Result "1-0"]
[WhiteTitle "GM"]
[BlackTitle "GM"]
[WhiteElo "2764"]
[BlackElo "2597"]
[WhiteFideId "8603820"]
[BlackFideId "14109409"]
[EventDate "2018.12.26"]

1. e4 Nc6 2. Nf3 d6 3. d4 Nf6 4. Bb5 Bd7 5. Nc3 a6 6. Bxc6 Bxc6 7. Qe2 d5 8. Ne5
dxe4 9. Nxc6 bxc6 10. Qc4 Qd7 11. Bg5 e6 12. Bxf6 gxf6 13. Nxe4 Bg7 14. c3 Qd5
15. Qe2 f5 16. Nc5 Qxg2 17. O-O-O Qd5 18. Rhg1 Bf6 19. Nxa6 Qa5 20. Nb4 Qb5 21.
Qf3 Be7 22. a3 Bxb4 23. cxb4 O-O-O 24. Kb1 Qd5 25. Qh5 Rd7 26. Ka1 Qe4 27. Rge1
Qf4 28. Qe2 Rd6 29. Rc1 Qxd4 30. Qa6+ Kd7 31. b5 c5 32. Qa7 c4 33. Qa4 c3 34.
Qxd4 Rxd4 35. Rxc3 Rb8 36. Rec1 Rb7 37. R1c2 h5 38. Ka2 h4 39. b4 e5 40. Rc5 f6
41. Kb3 Rd3+ 42. Kb2 Ra7 43. R5c3 Rd5 44. Rc6 Rd3 45. Ra6 Rxa6 46. bxa6 Rd6 47.
b5 Kc8 48. a7 Kb7 49. Rxc7+ Ka8 50. a4 Rb6 51. Kc3 f4 52. Kc4 e4 53. a5 Rb7 54.
b6 1-0

[Event "World Rapid 2018"]
[Site "St Petersburg RUS"]
[Date "2018.12.27"]
[Round "6.8"]
[White "Korobov, Anton"]
[Black "Bosiocic, Marin"]
[Result "1-0"]
[WhiteTitle "GM"]
[BlackTitle "GM"]
[WhiteElo "2698"]
[BlackElo "2599"]
[WhiteFideId "14105730"]
[BlackFideId "14507927"]
[EventDate "2018.12.26"]

1. d4 Nf6 2. c4 e6 3. Nf3 d5 4. Nc3 a6 5. cxd5 exd5 6. Bg5 Be6 7. e3 Nbd7 8. Bd3
Bd6 9. O-O O-O 10. Rc1 c6 11. h3 Qc7 12. Ne2 Ne4 13. Bf4 f5 14. Qb3 b6 15. Rc2
h6 16. Rfc1 c5 17. dxc5 Ndxc5 18. Qa3 a5 19. Nfd4 Bd7 20. f3 Ng5 21. Bxd6 Qxd6
22. Nf4 Rae8 23. Bf1 Nf7 24. Rd2 g5 25. Nfe2 f4 26. exf4 gxf4 27. Nb3 Re3 28.
Rc3 Rc8 29. Nxc5 Rxc5 30. Rxe3 fxe3 31. Qxe3 Ne5 32. Nf4 Bc6 33. Qd4 Qf6 34. Ne2
Qg7 35. Kf2 Be8 36. Nc3 Bf7 37. f4 Nc4 38. Bxc4 Qxd4+ 39. Rxd4 dxc4 40. a4 Rc6
41. g4 Kg7 42. f5 Kf6 43. Kg3 Ke5 44. Re4+ Kd6 45. Kf4 Kc5 46. Re5+ Kd4 47. Re7
Bg8 48. Rg7 Rc8 49. Rg6 Rb8 50. Rd6+ Kc5 51. Rxh6 Rd8 52. Ne4+ 1-0

[Event "World Rapid 2018"]
[Site "St Petersburg RUS"]
[Date "2018.12.27"]
[Round "6.10"]
[White "Sjugirov, Sanan"]
[Black "Bazeev, German"]
[Result "1-0"]
[WhiteTitle "GM"]
[WhiteElo "2663"]
[BlackElo "2416"]
[WhiteFideId "4189302"]
[BlackFideId "24119350"]
[EventDate "2018.12.26"]

1. d4 Nf6 2. c4 e6 3. Nc3 Bb4 4. Qc2 Nc6 5. Nf3 O-O 6. Bd2 d5 7. e3 Ne7 8. a3
Bxc3 9. Bxc3 b6 10. b3 a5 11. a4 Bb7 12. Bd3 Nc6 13. O-O Qe7 14. Rfc1 h6 15. Qe2
Nb4 16. Bxb4 Qxb4 17. c5 bxc5 18. Rxc5 c6 19. Ne5 Rfc8 20. Qe1 Qb6 21. Rb1 Ne8
22. b4 f6 23. bxa5 Qc7 24. a6 1-0

[Event "World Rapid 2018"]
[Site "St Petersburg RUS"]
[Date "2018.12.27"]
[Round "6.13"]
[White "Shirov, Alexei"]
[Black "Karjakin, Sergey"]
[Result "1/2-1/2"]
[WhiteTitle "GM"]
[BlackTitle "GM"]
[WhiteElo "2643"]
[BlackElo "2753"]
[WhiteFideId "2209390"]
[BlackFideId "14109603"]
[EventDate "2018.12.26"]

1. e4 e5 2. Nf3 Nc6 3. Bb5 Nf6 4. O-O Nxe4 5. Re1 Nd6 6. Nxe5 Be7 7. Bf1 Nxe5 8.
Rxe5 O-O 9. Nc3 Ne8 10. Nd5 Bd6 11. Re1 c6 12. Ne3 Bc7 13. Nf5 d5 14. Ne7+ Kh8
15. Nxc8 Rxc8 16. d4 f5 17. Qh5 Nf6 18. Qh4 Qd7 19. Bf4 Rce8 20. Bd3 Rxe1+ 21.
Rxe1 Bxf4 22. Qxf4 g6 23. Qe5 Kg7 24. Qe7+ 1/2-1/2

[Event "World Rapid 2018"]
[Site "St Petersburg RUS"]
[Date "2018.12.27"]
[Round "6.17"]
[White "Sakaev, Konstantin"]
[Black "Guseinov, Gadir"]
[Result "1/2-1/2"]
[WhiteTitle "GM"]
[BlackTitle "GM"]
[WhiteElo "2584"]
[BlackElo "2664"]
[WhiteFideId "4104226"]
[BlackFideId "13401378"]
[EventDate "2018.12.26"]

1. d4 g6 2. c4 Bg7 3. e4 d6 4. Nc3 Nf6 5. Be2 O-O 6. Be3 c6 7. Nf3 e5 8. d5 Ng4
9. Bg5 f6 10. Bh4 h5 11. Nd2 Nh6 12. f3 Nf7 13. b4 a5 14. bxa5 Qxa5 15. Qc2 c5
16. O-O Nd7 17. Nb3 Qd8 18. a4 Bh6 19. Nb5 Nb8 20. Nc1 Na6 21. Nd3 Bg5 22. Bxg5
Nxg5 23. Qb2 Qe7 24. Nc3 Nf7 25. a5 Nc7 26. Qd2 Bd7 27. Rfb1 Rfb8 28. Rb6 Ra6
29. Qb2 Rxb6 30. Qxb6 Qd8 31. Bd1 Ra8 32. Qb2 Ne8 33. Qxb7 Rb8 34. Qa7 f5 35.
exf5 gxf5 36. Nf2 h4 37. a6 Ra8 38. Qb7 Rb8 39. Qa7 Ra8 40. Qb7 Rb8 1/2-1/2

[Event "World Rapid 2018"]
[Site "St Petersburg RUS"]
[Date "2018.12.27"]
[Round "6.20"]
[White "Frolyanov, Dmitry"]
[Black "Akopian, Vladimir"]
[Result "1/2-1/2"]
[WhiteTitle "GM"]
[BlackTitle "GM"]
[WhiteElo "2517"]
[BlackElo "2650"]
[WhiteFideId "4151976"]
[BlackFideId "13300032"]
[EventDate "2018.12.26"]

1. e4 c5 2. Nf3 e6 3. d4 cxd4 4. Nxd4 a6 5. Bd3 Nf6 6. O-O Qc7 7. Qe2 d6 8. f4
g6 9. f5 Bg7 10. fxe6 fxe6 11. Be3 O-O 12. Nd2 Nc6 13. Nxc6 Qxc6 14. Rf2 Bd7 15.
Raf1 Nh5 16. Nc4 Rxf2 17. Rxf2 Rf8 18. Rxf8+ Bxf8 19. Qf2 b5 20. Nd2 Bg7 21. Bd4
Bxd4 22. Qxd4 Nf4 23. Nf3 Nxd3 24. Qxd3 Qc5+ 25. Kh1 Bc6 26. h3 Qb4 27. a3 Qxe4
28. Qxd6 Qxc2 29. Qxe6+ Kg7 30. Qe7+ Kg8 31. Qe6+ Kg7 32. Qe7+ Kg8 33. Qe6+ 1/2-1/2

[Event "World Rapid 2018"]
[Site "St Petersburg RUS"]
[Date "2018.12.27"]
[Round "6.22"]
[White "Salem, A.R. Saleh"]
[Black "Roiz, Michael"]
[Result "1/2-1/2"]
[WhiteTitle "GM"]
[BlackTitle "GM"]
[WhiteElo "2660"]
[BlackElo "2605"]
[WhiteFideId "9301348"]
[BlackFideId "2804158"]
[EventDate "2018.12.26"]

1. e4 e5 2. Nf3 Nc6 3. Bb5 Nf6 4. d3 d6 5. c3 g6 6. O-O Bg7 7. h3 O-O 8. Be3 a6
9. Ba4 Re8 10. Nbd2 h6 11. Re1 Bd7 12. a3 d5 13. Qc2 Na5 14. Bxd7 Qxd7 15. b4
Nc6 16. Nb3 Rad8 17. Rad1 Qc8 18. a4 b6 19. Ra1 Qb7 20. Bd2 Na7 21. c4 1/2-1/2

[Event "World Rapid 2018"]
[Site "St Petersburg RUS"]
[Date "2018.12.27"]
[Round "6.23"]
[White "Fridman, Daniel"]
[Black "Jumabayev, Rinat"]
[Result "1/2-1/2"]
[WhiteTitle "GM"]
[BlackTitle "GM"]
[WhiteElo "2633"]
[BlackElo "2602"]
[WhiteFideId "11600454"]
[BlackFideId "13702661"]
[EventDate "2018.12.26"]

1. Nf3 d5 2. d4 Nf6 3. c4 dxc4 4. e3 e6 5. Bxc4 c5 6. O-O Nc6 7. dxc5 Qxd1 8.
Rxd1 Bxc5 9. a3 Be7 10. b4 O-O 11. Bb2 Bd7 12. Nbd2 Rfc8 13. Be2 Be8 14. Nc4 Nd5
15. e4 Nf4 16. Bf1 b5 17. Nd6 Bxd6 18. Rxd6 a5 19. Rb1 axb4 20. axb4 Ng6 21.
Bxb5 Nxb4 22. Bxe8 Rxe8 23. Bc3 Nc2 24. h4 Rec8 25. Bd2 Na3 26. Rb7 Nc4 27. Rd4
Nxd2 28. Rxd2 Rd8 29. Rxd8+ Rxd8 30. g3 h6 31. h5 Nf8 32. Ne5 f6 33. Nc6 Rd7 34.
Rb8 Kf7 35. f4 Rc7 36. Nd4 Nd7 37. Rd8 Nc5 38. Nb5 Rd7 39. Rxd7+ Nxd7 40. Kf2
Ke7 41. Ke3 f5 42. e5 Nb6 43. Nc3 Nd7 44. Kd4 Nf8 45. Nb1 g6 46. hxg6 Nxg6 47.
Nd2 Kd7 48. Kc5 Ne7 49. Nc4 Ng6 50. Ne3 Ne7 51. Kb6 Nc6 52. g4 Ne7 53. Kc5 fxg4
54. Nxg4 Nf5 55. Kc4 Ke7 56. Kd3 h5 57. Nf6 h4 58. Ke2 Kf7 59. Kf3 h3 60. Ne4
Nd4+ 61. Kg3 Ne2+ 62. Kxh3 Nxf4+ 1/2-1/2

[Event "World Rapid 2018"]
[Site "St Petersburg RUS"]
[Date "2018.12.27"]
[Round "6.24"]
[White "Le, Quang Liem"]
[Black "Hovhannisyan, Robert"]
[Result "1/2-1/2"]
[WhiteTitle "GM"]
[BlackTitle "GM"]
[WhiteElo "2714"]
[BlackElo "2637"]
[WhiteFideId "12401137"]
[BlackFideId "13302507"]
[EventDate "2018.12.26"]

1. d4 d5 2. c4 c6 3. Nf3 Nf6 4. g3 Bg4 5. Ne5 Bf5 6. cxd5 cxd5 7. Nc3 Nc6 8. f3
Bd7 9. e4 e6 10. Nxc6 Bxc6 11. e5 Ng8 12. Be3 Bb4 13. Rc1 Ne7 14. Bd3 a6 15. Bb1
Nf5 16. Bf2 Rc8 17. O-O O-O 18. f4 f6 19. g4 Ne7 20. exf6 Rxf6 21. Bh4 Rf7 22.
Qd3 g6 23. Qe3 Qd7 24. Rce1 e5 25. f5 gxf5 26. Bxe7 Qxe7 27. Bxf5 Re8 28. Qxe5
Qxe5 29. Rxe5 Rxe5 30. dxe5 Bc5+ 31. Kg2 d4+ 32. Kg3 dxc3 33. Be6 Be8 34. bxc3
Kg7 35. Bxf7 Bxf7 36. Rd1 Be6 37. Kf4 Be7 38. a4 Kg6 39. h3 a5 40. Rb1 Bd5 41.
Rb5 Bc6 42. Rxa5 Bg5+ 43. Kg3 Bd2 44. Ra8 Be1+ 45. Kf4 Bd2+ 46. Kg3 Be1+ 47. Kf4
Bd2+ 1/2-1/2

[Event "World Rapid 2018"]
[Site "St Petersburg RUS"]
[Date "2018.12.27"]
[Round "6.25"]
[White "Ragger, Markus"]
[Black "Artemiev, Vladislav"]
[Result "0-1"]
[WhiteTitle "GM"]
[BlackTitle "GM"]
[WhiteElo "2687"]
[BlackElo "2709"]
[WhiteFideId "1610856"]
[BlackFideId "24101605"]
[EventDate "2018.12.26"]

1. e4 c5 2. Nf3 d6 3. d4 cxd4 4. Nxd4 Nf6 5. Nc3 a6 6. g3 e6 7. Bg2 Qc7 8. O-O
Be7 9. Be3 Nc6 10. Nxc6 bxc6 11. Na4 Nd7 12. c4 Rb8 13. Qe2 c5 14. Rad1 Bb7 15.
Rd2 O-O 16. g4 f5 17. f4 Bxe4 18. Bxe4 fxe4 19. Nc3 Qb7 20. Rfd1 g5 21. Rf1 Rf7
22. fxg5 Rxf1+ 23. Kxf1 Rf8+ 24. Kg2 Ne5 25. Rd1 Nd3 26. Rf1 d5 27. Rxf8+ Bxf8
28. Bd2 Qxb2 29. cxd5 Qxc3 30. Bxc3 Nf4+ 31. Kf2 Nxe2 32. Kxe2 exd5 33. Be5 d4
34. h4 Kf7 35. a4 Ke6 36. Bf6 Bd6 37. h5 Bf4 38. Bd8 d3+ 39. Kf2 e3+ 40. Kf3 e2 0-1

[Event "World Rapid 2018"]
[Site "St Petersburg RUS"]
[Date "2018.12.27"]
[Round "6.26"]
[White "Mamedov, Rauf"]
[Black "Piorun, Kacper"]
[Result "0-1"]
[WhiteTitle "GM"]
[BlackTitle "GM"]
[WhiteElo "2703"]
[BlackElo "2634"]
[WhiteFideId "13401653"]
[BlackFideId "1130420"]
[EventDate "2018.12.26"]

1. e4 c6 2. Nc3 d5 3. Nf3 Nf6 4. e5 Ne4 5. Ne2 Qb6 6. d4 e6 7. Ng3 c5 8. Bd3
Nxg3 9. hxg3 cxd4 10. Ng5 Nc6 11. Nxh7 Bd7 12. Qe2 O-O-O 13. O-O Be7 14. Ng5
Nxe5 15. Qxe5 f6 16. Qe2 fxg5 17. f4 Bd6 18. a4 gxf4 19. gxf4 g5 20. a5 Qc7 21.
a6 b6 22. Bb5 Bxb5 23. Qxb5 gxf4 24. Bd2 Rdg8 25. Rf2 Kb8 26. Re1 Qh7 27. Kf1
Qh1+ 28. Ke2 Qh5+ 29. Kf1 Qg4 30. Kg1 f3 0-1

[Event "World Rapid 2018"]
[Site "St Petersburg RUS"]
[Date "2018.12.27"]
[Round "6.27"]
[White "Antipov, Mikhail Al."]
[Black "Tomashevsky, Evgeny"]
[Result "0-1"]
[WhiteTitle "GM"]
[BlackTitle "GM"]
[WhiteElo "2589"]
[BlackElo "2705"]
[WhiteFideId "4107012"]
[BlackFideId "4147235"]
[EventDate "2018.12.26"]

1. e4 e5 2. Nf3 Nc6 3. Bb5 a6 4. Ba4 Nf6 5. O-O Be7 6. Re1 b5 7. Bb3 O-O 8. d4
d6 9. c3 Bg4 10. Be3 exd4 11. cxd4 Na5 12. Bc2 Nc4 13. Bc1 c5 14. b3 Nb6 15. d5
Nfd7 16. Nbd2 Bf6 17. Rb1 Ne5 18. h3 Bxf3 19. Nxf3 Nxf3+ 20. Qxf3 Re8 21. Be3
Rc8 22. Qe2 c4 23. Rec1 Nd7 24. bxc4 Rxc4 25. a4 Qa5 26. axb5 axb5 27. Bd3 Rxc1+
28. Bxc1 Nc5 29. Rxb5 Qa4 30. Bc2 Qa2 31. e5 Kf8 32. f4 dxe5 33. Rxc5 exf4 34.
Qd1 Qa7 35. Ba3 Qxa3 36. Rc4 Qg3 37. Re4 Rxe4 0-1

[Event "World Rapid 2018"]
[Site "St Petersburg RUS"]
[Date "2018.12.27"]
[Round "6.28"]
[White "Jakovenko, Dmitry"]
[Black "Rakhmanov, Aleksandr"]
[Result "1-0"]
[WhiteTitle "GM"]
[BlackTitle "GM"]
[WhiteElo "2735"]
[BlackElo "2629"]
[WhiteFideId "4122356"]
[BlackFideId "4173708"]
[EventDate "2018.12.26"]

1. Nf3 d5 2. d4 e6 3. c4 a6 4. cxd5 exd5 5. Nc3 Nf6 6. Qb3 h6 7. Bf4 Bd6 8. Bxd6
Qxd6 9. e3 Nc6 10. Bd3 Rb8 11. h3 Be6 12. Rc1 O-O 13. O-O Ne7 14. Na4 c6 15. Qc2
g6 16. Nc5 Nd7 17. b4 Bf5 18. a4 Bxd3 19. Qxd3 Kg7 20. Nxd7 Qxd7 21. b5 axb5 22.
axb5 Qd6 23. Rc3 Ra8 24. Rfc1 Ra2 25. Qb1 Rfa8 26. Ne5 Qf6 27. R3c2 Rxc2 28.
Rxc2 Qf5 29. Qb2 Rc8 30. bxc6 Nxc6 31. Qxb7 Nxd4 32. Rxc8 Ne2+ 33. Kf1 Ng3+ 34.
Ke1 Qxe5 35. fxg3 Qxg3+ 36. Kf1 Qxe3 37. Qxd5 1-0

[Event "World Rapid 2018"]
[Site "St Petersburg RUS"]
[Date "2018.12.27"]
[Round "6.29"]
[White "Jobava, Baadur"]
[Black "Bindrich, Falko"]
[Result "1-0"]
[WhiteTitle "GM"]
[BlackTitle "GM"]
[WhiteElo "2627"]
[BlackElo "2606"]
[WhiteFideId "13601520"]
[BlackFideId "4676670"]
[EventDate "2018.12.26"]

1. b3 d5 2. Bb2 Bg4 3. f3 Bf5 4. e3 e6 5. Nc3 Nc6 6. Nge2 h6 7. Ng3 Bh7 8. Bb5
Ne7 9. Nce2 a6 10. Bd3 Bxd3 11. cxd3 h5 12. O-O h4 13. Nh1 Qd7 14. Nf2 O-O-O 15.
a3 Rg8 16. b4 f5 17. Qb3 g5 18. h3 Ng6 19. Rfc1 Bd6 20. Bf6 Rdf8 21. Bxg5 Qg7
22. d4 Nh8 23. f4 Nf7 24. Kh1 Nxg5 25. fxg5 Qxg5 26. Rg1 f4 27. Raf1 Qh5 28. Ng4
fxe3 29. dxe3 Rf5 30. e4 Rxf1 31. Rxf1 Qg5 32. e5 Be7 33. Qd3 Kb8 34. Nf4 Nd8
35. Rf3 Rg7 36. Kh2 Rg8 37. Ne2 Rg7 38. Rf4 Nf7 39. Qf3 Qg6 40. Nf6 Ng5 41. Qh5
a5 42. bxa5 Qxh5 43. Nxh5 Rh7 44. Nf6 Rh8 45. Rg4 Nh7 46. Rxh4 1-0

[Event "World Rapid 2018"]
[Site "St Petersburg RUS"]
[Date "2018.12.27"]
[Round "6.30"]
[White "Inarkiev, Ernesto"]
[Black "Cheparinov, Ivan"]
[Result "0-1"]
[WhiteTitle "GM"]
[BlackTitle "GM"]
[WhiteElo "2693"]
[BlackElo "2709"]
[WhiteFideId "4162722"]
[BlackFideId "2905540"]
[EventDate "2018.12.26"]

1. c4 e6 2. Nc3 Nf6 3. e4 d5 4. cxd5 exd5 5. e5 Ne4 6. d4 Bb4 7. Qa4+ Nc6 8. Bb5
O-O 9. Ne2 Nxd4 10. Nxd4 c5 11. Ne2 d4 12. O-O dxc3 13. a3 Nd2 14. axb4 Nxf1 15.
bxc3 a6 16. Qc2 Bf5 17. Qxf5 Qd1 18. Bb2 Rfd8 19. Nd4 Ne3+ 20. Rxd1 Nxf5 21. Bd3
cxd4 22. c4 Ne7 23. f4 Rac8 24. Kf2 b5 25. cxb5 axb5 26. Kf3 Nc6 27. Bxb5 Nxb4
28. Rxd4 Nc2 29. Rd6 Rb8 30. Rxd8+ Rxd8 31. Bc4 Rb8 32. e6 Rxb2 33. exf7+ Kf8
34. g4 Nd4+ 35. Ke4 Nc6 36. g5 Rb4 37. Kd5 Nd8 38. Kd4 0-1

[Event "World Rapid 2018"]
[Site "St Petersburg RUS"]
[Date "2018.12.27"]
[Round "6.31"]
[White "Sarana, Alexey"]
[Black "Morozevich, Alexander"]
[Result "1/2-1/2"]
[WhiteTitle "GM"]
[BlackTitle "GM"]
[WhiteElo "2618"]
[BlackElo "2656"]
[WhiteFideId "24133795"]
[BlackFideId "4116992"]
[EventDate "2018.12.26"]

1. d4 Nf6 2. c4 c5 3. d5 g6 4. Nc3 Bg7 5. e4 O-O 6. Nf3 d6 7. h3 a6 8. Bd3 b5 9.
O-O b4 10. Ne2 e5 11. a3 a5 12. Ng3 Nbd7 13. Be3 Qc7 14. Qd2 Ba6 15. Rfc1 Rfb8
16. b3 Qd8 17. axb4 axb4 18. Ra2 Bb7 19. Rca1 Rxa2 1/2-1/2